Statistics for Images of Fonts

Click here to take the quiz!

General Stats

  • This quiz has been taken 24 times
  • The average score is 5 of 16

Answer Stats

Answer% Correct
Times New Roman
84%
Arial
79%
Comic Sans
79%
Helvetica Neue
63%
Futura
42%
Verdana
32%
Bodoni
21%
Avenir
16%
Fraktur
16%
Franklin Gothic
16%
Garamond
16%
Rockwell
16%
Univers
16%
Frutiger
11%
Montserrat
11%
Myriad
11%

Score Distribution

Percentile by Number Answered

Percent of People with Each Score

Your Score History

You have not taken this quiz